[Event "Richmond Keres Memorial 44th"]
[Site "Richmond"]
[Date "2019.05.18"]
[Round "2"]
[White "Gu, Chuyang"]
[Black "Bhavik, Dave"]
[Result "1/2-1/2"]
[WhiteElo "1825"]
[BlackElo "2081"]
[PlyCount "122"]
[EventDate "2019.05.18"]
[EventType "swiss"]
[EventRounds "6"]
[EventCountry "CAN"]
[SourceTitle "CBM 190 Extra"]
[Source "ChessBase"]
[SourceDate "2019.07.15"]
[SourceVersion "1"]
[SourceVersionDate "2019.07.15"]
[SourceQuality "1"]

1. e4 e5 2. Nf3 Nc6 3. Bb5 a6 4. Ba4 Nf6 5. 0-0 Be7 6. Re1 b5 7. Bb3 0-0 8. c3 d5 9. exd5 Nxd5 10. Nxe5 Nxe5 11. Rxe5 c6 12. d3 Bd6 13. Re1 Qh4 14. g3 Qh3 15. Re4 Qf5 16. Nd2 Qg6 17. Re1 Bg4 18. f3 Bh3 19. Ne4 Bc7 20. d4 Rae8 21. Kf2 h6 22. Nc5 a5 23. a4 b4 24. c4 Nf4 25. Bxf4 Bxf4 26. Qd3 Bf5 27. Ne4 Bc7 28. Bc2 Qh5 29. Kg1 Bg6 30. Qf1 Re6 31. Qf2 Qh3 32. Re2 Rd8 33. Rae1 Bxe4 34. Rxe4 Rxe4 35. Rxe4 Qd7 36. Qe3 Kf8 37. Kg2 Re8 38. f4 Bb6 39. c5 Bd8 40. h3 Rxe4 41. Qxe4 Bf6 42. b3 Bxd4 43. Qf5 Qxf5 44. Bxf5 Ke7 45. Kf3 Bxc5 46. Bd3 g6 47. g4 Bb6 48. f5 Kf6 49. fxg6 fxg6 50. Be4 c5 51. Bd5 Ke5 52. Bf7 g5 53. Bc4 Kd4 54. Bg8 Bc7 55. Bc4 Bf4 56. Bg8 Kd3 57. Bc4+ Kd4 58. Bg8 Bd6 59. Bc4 Be7 60. Bg8 Kd3 61. Bc4+ Kd4 1/2-1/2

[Event "Calgary op 10th"]
[Site "Calgary"]
[Date "2017.08.04"]
[Round "4"]
[White "Daniluk, Jim"]
[Black "Bhavik, Dave"]
[Result "1-0"]
[WhiteElo "1909"]
[BlackElo "1771"]
[PlyCount "139"]
[EventDate "2017.08.02"]
[EventType "swiss"]
[EventRounds "9"]
[EventCountry "CAN"]
[SourceTitle "EXT 2018"]
[Source "ChessBase"]
[SourceDate "2017.10.13"]
[SourceVersion "1"]
[SourceVersionDate "2017.10.13"]
[SourceQuality "1"]

1. d4 Nf6 2. Nf3 d5 3. c4 c6 4. Nc3 e6 5. g3 Be7 6. Bg2 0-0 7. 0-0 Nbd7 8. Qc2 h6 9. e4 dxe4 10. Nxe4 Nxe4 11. Qxe4 Nf6 12. Qc2 Qc7 13. a3 Rd8 14. Re1 b6 15. Ne5 Bb7 16. Be3 Rac8 17. Qe2 c5 18. Bxb7 Qxb7 19. dxc5 Bxc5 20. Bxc5 Rxc5 21. Rad1 Rcc8 22. b3 Nd7 23. Nxf7 Kxf7 24. Qxe6+ Kf8 25. Qd6+ Kg8 26. Re7 Qf3 27. Rxd7 Rxd7 28. Qxd7 Rf8 29. Qd5+ Rf7 30. Qxf3 Rxf3 31. Rb1 Kf7 32. Kf1 Kf6 33. Ke2 Rc3 34. Rb2 h5 35. Kd2 Rf3 36. Ke2 Rc3 37. f3 Ke5 38. h4 g5 39. hxg5 Kf5 40. b4 Rxa3 41. Rc2 a5 42. bxa5 Rxa5 43. Rb2 Kxg5 44. Rb5+ Kf6 45. Rxb6+ Kg7 46. Rb3 Kf6 47. Ke3 Rg5 48. Kf4 Rc5 49. Rc3 Rf5+ 50. Ke4 Re5+ 51. Kd4 Rg5 52. f4 Rg4 53. Ke4 h4 54. gxh4 Rxh4 55. c5 Ke7 56. c6 Kd8 57. c7+ Kc8 58. Kf5 Rh1 59. Kf6 Rh6+ 60. Kg7 Rh5 61. Kg6 Rh1 62. Rc5 Rg1+ 63. Kf7 Rh1 64. f5 Rh7+ 65. Kg6 Rh1 66. f6 Rg1+ 67. Rg5 Rc1 68. f7 Rc6+ 69. Kg7 Rxc7 70. Kg8 1-0

[Event "Calgary op 10th"]
[Site "Calgary"]
[Date "2017.08.03"]
[Round "3"]
[White "Bhavik, Dave"]
[Black "Sharma, Vishruth"]
[Result "1/2-1/2"]
[WhiteElo "1771"]
[BlackElo "1454"]
[PlyCount "123"]
[EventDate "2017.08.02"]
[EventType "swiss"]
[EventRounds "9"]
[EventCountry "CAN"]
[SourceTitle "EXT 2018"]
[Source "ChessBase"]
[SourceDate "2017.10.13"]
[SourceVersion "1"]
[SourceVersionDate "2017.10.13"]
[SourceQuality "1"]

1. d4 Nf6 2. c4 g6 3. Nc3 Bg7 4. e4 0-0 5. f4 d6 6. Nf3 c5 7. d5 e6 8. Be2 exd5 9. exd5 Re8 10. 0-0 Bf5 11. Bd3 Bxd3 12. Qxd3 Nbd7 13. f5 Ng4 14. Bf4 Nge5 15. Nxe5 Bxe5 16. fxg6 hxg6 17. Qf3 Bxf4 18. Qxf4 Ne5 19. Ne4 f5 20. Ng5 Nd3 21. Qd2 Nxb2 22. Ne6 Rxe6 23. dxe6 Nxc4 24. Qd5 Qh4 25. Qxb7 Rf8 26. Rad1 Qe4 27. Qxe4 fxe4 28. Rfe1 e3 29. Rc1 d5 30. Rxc4 dxc4 31. Rxe3 Re8 32. Kf2 Kg7 33. Ke2 Kf6 34. e7 Rxe7 35. Rxe7 Kxe7 36. h4 Ke6 37. g4 Ke5 38. Kd2 Kf4 39. h5 gxh5 40. gxh5 Kg5 41. Kc3 Kxh5 42. a4 Kg5 43. Kxc4 Kf4 44. Kd5 c4 45. Kxc4 Ke4 46. Kc5 Ke5 47. Kc6 Ke6 48. a5 a6 49. Kc7 Kd5 50. Kb7 Kc5 51. Kxa6 Kc6 52. Ka7 Kc7 53. a6 Kc8 54. Ka8 Kc7 55. Ka7 Kc8 56. Kb6 Kb8 57. Kc6 Ka8 58. Kb5 Kb8 59. Ka5 Ka8 60. Kb6 Kb8 61. a7+ Ka8 62. Ka6 1/2-1/2

[Event "Calgary Schleinich Memorial-B"]
[Site "Calgary"]
[Date "2017.01.07"]
[Round "2.6"]
[White "Ebrahim Shirazi, Behrooz"]
[Black "Bhavik, Dave"]
[Result "1-0"]
[WhiteElo "2012"]
[BlackElo "1756"]
[PlyCount "87"]
[EventDate "2017.01.06"]
[EventType "tourn"]
[EventRounds "5"]
[EventCountry "CAN"]
[SourceTitle "EXT 2022"]
[Source "ChessBase"]
[SourceDate "2021.10.06"]
[SourceVersion "1"]
[SourceVersionDate "2021.10.06"]
[SourceQuality "1"]

1. d4 Nf6 2. c4 g6 3. Nc3 d5 4. Nf3 Bg7 5. Bg5 Ne4 6. cxd5 Nxg5 7. Nxg5 e6 8. Nf3 exd5 9. e3 0-0 10. b4 Be6 11. Be2 Nd7 12. 0-0 Nf6 13. Bd3 Qd6 14. Qc2 a6 15. Na4 Nd7 16. Nc5 Nxc5 17. bxc5 Qc6 18. Rab1 Rfb8 19. Rfc1 Bd7 20. e4 Be6 21. Re1 dxe4 22. Bxe4 Bd5 23. Bxd5 Qxd5 24. Qb3 Qxb3 25. Rxb3 b6 26. Re7 bxc5 27. dxc5 Rxb3 28. axb3 Rc8 29. Rd7 Bf6 30. Kf1 Kf8 31. Ke2 Ke8 32. c6 Rb8 33. Rxc7 Rxb3 34. Nd2 Rb2 35. Kd3 Bd8 36. Ra7 Ba5 37. Nc4 Rb3+ 38. Ke4 Rb4 39. Kd5 Rb5+ 40. Kd4 Bb6+ 41. Nxb6 Rxb6 42. Ra8+ Ke7 43. c7 Rd6+ 44. Kc5 1-0

[Event "Banff op"]
[Site "Banff"]
[Date "2016.11.12"]
[Round "4"]
[White "Bhavik, Dave"]
[Black "Wei, Daniel"]
[Result "1-0"]
[WhiteElo "1730"]
[BlackElo "1693"]
[PlyCount "49"]
[EventDate "2016.11.11"]
[EventType "swiss"]
[EventRounds "6"]
[EventCountry "CAN"]
[SourceTitle "EXT 2018"]
[Source "ChessBase"]
[SourceDate "2017.10.13"]
[SourceVersion "1"]
[SourceVersionDate "2017.10.13"]
[SourceQuality "1"]

1. d4 d5 2. c4 c6 3. Nc3 Nf6 4. Bg5 Nbd7 5. e3 e6 6. Nf3 Be7 7. Qc2 0-0 8. Bd3 dxc4 9. Bxc4 h6 10. Bh4 c5 11. 0-0 Qc7 12. Bg3 Qc6 13. Bb5 Qb6 14. a4 Bd6 15. Ne5 Qc7 16. f4 a6 17. Bd3 b6 18. Rac1 Bb7 19. Rfd1 Rac8 20. Qe2 Qd8 21. Bxa6 Qc7 22. Bxb7 Qxb7 23. Nb5 Be7 24. Bh4 Qe4 25. Nxd7 1-0

[Event "Banff op"]
[Site "Banff"]
[Date "2016.11.11"]
[Round "2"]
[White "Bhavik, Dave"]
[Black "Findlay, Ian T"]
[Result "0-1"]
[WhiteElo "1730"]
[BlackElo "2240"]
[PlyCount "46"]
[EventDate "2016.11.11"]
[EventType "swiss"]
[EventRounds "6"]
[EventCountry "CAN"]
[SourceTitle "EXT 2018"]
[Source "ChessBase"]
[SourceDate "2017.10.13"]
[SourceVersion "1"]
[SourceVersionDate "2017.10.13"]
[SourceQuality "1"]

1. d4 Nf6 2. c4 c5 3. d5 e6 4. Nc3 exd5 5. cxd5 d6 6. Nf3 g6 7. Bf4 a6 8. a4 Bg7 9. e3 0-0 10. h3 Re8 11. Be2 Ne4 12. Nxe4 Rxe4 13. Rb1 Qa5+ 14. Nd2 Rxa4 15. Bxd6 Nd7 16. Bc7 Qb4 17. Qb3 Qxb3 18. Nxb3 Rb4 19. Bd1 b6 20. Kd2 Bb7 21. e4 Rc8 22. Bg3 c4 23. Na1 c3+ 0-1

[Event "Edmonton Fall-B"]
[Site "Edmonton"]
[Date "2016.10.29"]
[Round "1"]
[White "Brazeau, Robert Warne"]
[Black "Bhavik, Dave"]
[Result "1/2-1/2"]
[WhiteElo "1702"]
[BlackElo "1721"]
[PlyCount "47"]
[EventDate "2016.10.29"]
[EventType "tourn"]
[EventRounds "5"]
[EventCountry "CAN"]
[SourceTitle "EXT 2019"]
[Source "ChessBase"]
[SourceDate "2018.10.10"]
[SourceVersion "1"]
[SourceVersionDate "2018.10.10"]
[SourceQuality "1"]

1. d4 Nf6 2. c4 g6 3. Nc3 d5 4. cxd5 Nxd5 5. e4 Nxc3 6. bxc3 Bg7 7. Bc4 c5 8. Ne2 Nc6 9. Be3 0-0 10. 0-0 Na5 11. Bd3 Qc7 12. Rc1 Rd8 13. Qd2 b6 14. Bh6 Bh8 15. e5 Be6 16. f4 Nc4 17. Qe1 Ne3 18. Rf3 Ng4 19. Bg5 f6 20. exf6 exf6 21. Bh4 Re8 22. h3 Nh6 23. Qf1 f5 24. Bb5 1/2-1/2

[Event "Alberta op"]
[Site "Calgary"]
[Date "2016.10.08"]
[Round "1"]
[White "Yam, Alex"]
[Black "Bhavik, Dave"]
[Result "1-0"]
[WhiteElo "2294"]
[BlackElo "1840"]
[PlyCount "113"]
[EventDate "2016.10.08"]
[EventType "swiss"]
[EventRounds "6"]
[EventCountry "CAN"]
[SourceTitle "EXT 2018"]
[Source "ChessBase"]
[SourceDate "2017.10.13"]
[SourceVersion "1"]
[SourceVersionDate "2017.10.13"]
[SourceQuality "1"]

1. e4 e5 2. Nf3 Nc6 3. Bb5 a6 4. Ba4 Nf6 5. 0-0 b5 6. Bb3 Be7 7. Qe2 0-0 8. Rd1 d6 9. a4 Rb8 10. axb5 axb5 11. Nc3 b4 12. Nb5 Bd7 13. Bc4 Qc8 14. c3 Nd8 15. cxb4 Bxb5 16. Bxb5 Qb7 17. Bd3 Ne6 18. Bc2 Qxb4 19. d4 exd4 20. Ra4 Qb5 21. Qxb5 Rxb5 22. Nxd4 Nxd4 23. Rdxd4 Nd7 24. Bd3 Rb7 25. Ba6 Rb6 26. Rdb4 Ra8 27. Rxb6 Nxb6 28. Ra5 Bf6 29. Ra2 Nd7 30. b4 Bc3 31. b5 Nc5 32. Be3 Nxe4 33. Rc2 Re8 34. f3 Nf6 35. Rxc3 Nd5 36. Bd4 Nxc3 37. Bxc3 Kf8 38. Kf2 Ke7 39. Ke2 f6 40. Kd3 Rb8 41. Kc4 Kd7 42. Kd5 Rf8 43. Bb7 Rf7 44. Bc6+ Kd8 45. Kc4 Re7 46. Be4 Kc8 47. g4 h6 48. Kd5 Kb7 49. Bd4 Re8 50. h3 Re7 51. h4 Re8 52. f4 Kc8 53. Bf5+ Kd8 54. Be6 Ke7 55. f5 Rb8 56. Kc6 Kd8 57. Ba7 1-0

[Event "Alberta O1800"]
[Site "Edmonton"]
[Date "2016.08.28"]
[Round "4"]
[White "Bhavik, Dave"]
[Black "Wang, Kaixin"]
[Result "1/2-1/2"]
[WhiteElo "1685"]
[BlackElo "1749"]
[PlyCount "52"]
[EventDate "2016.08.27"]
[EventType "swiss"]
[EventRounds "5"]
[EventCountry "CAN"]
[SourceTitle "EXT 2017"]
[Source "ChessBase"]
[SourceDate "2016.10.25"]
[SourceVersion "1"]
[SourceVersionDate "2016.10.25"]
[SourceQuality "1"]

1. d4 Nf6 2. c4 c5 3. d5 e5 4. Nc3 d6 5. Bg5 Be7 6. e4 Nxd5 7. Nxd5 Bxg5 8. Nf3 Bg4 9. Be2 Bxf3 10. Bxf3 Nc6 11. 0-0 0-0 12. Qd3 Nd4 13. g3 Qd7 14. b3 Rad8 15. Rad1 f5 16. exf5 Nxf3+ 17. Qxf3 Rxf5 18. Qd3 Qf7 19. Nc3 b6 20. Ne4 Be7 21. Rd2 Qg6 22. Rfd1 Bf8 23. Qd5+ Rf7 24. Nc3 h6 25. Qg2 Be7 26. Nb5 Bf8 1/2-1/2

[Event "Alberta O1800"]
[Site "Edmonton"]
[Date "2016.08.27"]
[Round "2"]
[White "MacLeod, Damon"]
[Black "Bhavik, Dave"]
[Result "1-0"]
[WhiteElo "1908"]
[BlackElo "1685"]
[PlyCount "131"]
[EventDate "2016.08.27"]
[EventType "swiss"]
[EventRounds "5"]
[EventCountry "CAN"]
[SourceTitle "EXT 2017"]
[Source "ChessBase"]
[SourceDate "2016.10.25"]
[SourceVersion "1"]
[SourceVersionDate "2016.10.25"]
[SourceQuality "1"]

1. e4 e5 2. Nf3 Nc6 3. Bb5 a6 4. Bxc6 dxc6 5. 0-0 f6 6. d4 exd4 7. Nxd4 c5 8. Nb3 Qxd1 9. Rxd1 b5 10. Be3 c4 11. Nc5 Nh6 12. f3 Be7 13. Nc3 c6 14. Rd2 0-0 15. Rad1 Nf7 16. Nd7 Re8 17. Ne2 Bd8 18. Nb6 Rb8 19. Nxc8 Rxc8 20. Nd4 Ba5 21. c3 Bb6 22. Kf2 Ne5 23. Ke2 Red8 24. Ne6 Rxd2+ 25. Rxd2 Bxe3 26. Kxe3 Kf7 27. Nc5 Ke7 28. Nxa6 Ra8 29. Nb4 Rc8 30. h3 Nd7 31. Nc2 Nc5 32. Nd4 g6 33. b3 cxb3 34. axb3 Ne6 35. f4 h5 36. g4 hxg4 37. hxg4 Nc5 38. Rh2 Kd6 39. Rh7 Re8 40. Rf7 Nxe4 41. Kf3 g5 42. f5 Nxc3 43. Rxf6+ Ke5 44. Re6+ Rxe6 45. Nxe6 Kf6 46. Nc5 Ke5 47. Ne6 Kf6 48. Ke3 Nd1+ 49. Ke2 Nc3+ 50. Kd3 Nd5 51. Ke4 Ne7 52. Nd4 Kf7 53. Ke5 b4 54. Nf3 Nd5 55. Nxg5+ Ke7 56. Ne4 Ne3 57. g5 Kf7 58. g6+ Kf8 59. f6 Ng4+ 60. Ke6 Nh6 61. Nd6 c5 62. g7+ Kg8 63. Ke7 c4 64. Nxc4 Nf5+ 65. Ke8 Nxg7+ 66. fxg7 1-0

[Event "Alberta O1800"]
[Site "Edmonton"]
[Date "2016.08.27"]
[Round "1"]
[White "Malek, Omid"]
[Black "Bhavik, Dave"]
[Result "1-0"]
[WhiteElo "2053"]
[BlackElo "1685"]
[PlyCount "85"]
[EventDate "2016.08.27"]
[EventType "swiss"]
[EventRounds "5"]
[EventCountry "CAN"]
[SourceTitle "EXT 2017"]
[Source "ChessBase"]
[SourceDate "2016.10.25"]
[SourceVersion "1"]
[SourceVersionDate "2016.10.25"]
[SourceQuality "1"]

1. d4 Nf6 2. Bg5 e6 3. e4 Be7 4. Nd2 d5 5. e5 Nfd7 6. Bxe7 Qxe7 7. Ngf3 b6 8. c3 a5 9. a3 c5 10. Qa4 Ba6 11. Bxa6 Nxa6 12. 0-0 0-0 13. Rfe1 Rfc8 14. Nf1 cxd4 15. cxd4 Rc4 16. Qd1 Rac8 17. Ne3 R4c6 18. Qd3 Nab8 19. Nd2 Nf8 20. f4 Qd7 21. Nf3 R6c7 22. h4 Nc6 23. h5 Ne7 24. g4 Kh8 25. Kf2 Rc6 26. Rh1 Ng8 27. Rag1 f6 28. Nh4 fxe5 29. fxe5 R8c7 30. Rg3 Qe8 31. Rf3 Rf7 32. Rhh3 Rxf3+ 33. Rxf3 Rc7 34. Kg3 Rf7 35. Rxf7 Qxf7 36. Qb5 Nd7 37. Qc6 Qe7 38. Nf3 h6 39. Ng2 Kh7 40. Nf4 Nf8 41. Qc2+ g6 42. hxg6+ Kg7 43. Nh5+ 1-0

[Event "Calgary op"]
[Site "Calgary"]
[Date "2016.07.30"]
[Round "5"]
[White "Bhavik, Dave"]
[Black "Bates, Darren"]
[Result "0-1"]
[WhiteElo "1669"]
[BlackElo "1867"]
[PlyCount "56"]
[EventDate "2016.07.27"]
[EventType "swiss"]
[EventRounds "9"]
[EventCountry "CAN"]
[SourceTitle "CBM 173 Extra"]
[Source "ChessBase"]
[SourceDate "2016.08.29"]
[SourceVersion "1"]
[SourceVersionDate "2016.08.29"]
[SourceQuality "1"]

1. d4 f5 2. g3 d5 3. Bg2 Nf6 4. c4 e6 5. Nh3 Bb4+ 6. Bd2 Qe7 7. 0-0 Bxd2 8. Nxd2 c6 9. Qc2 Nbd7 10. cxd5 cxd5 11. Nf3 0-0 12. Qc7 b6 13. Nf4 Ba6 14. Qc2 Ne4 15. Qa4 Bb7 16. Rac1 Qd6 17. Rc2 e5 18. Nd3 exd4 19. Rfc1 Ndc5 20. Qxd4 Ne6 21. Qe5 Qxe5 22. Nfxe5 Nd4 23. Nb4 Nxc2 24. Rxc2 Rac8 25. Nbc6 Rfe8 26. Bxe4 dxe4 27. Rc3 Re6 28. Nd4 Rxe5 0-1

[Event "Calgary op"]
[Site "Calgary"]
[Date "2016.07.27"]
[Round "1"]
[White "Bhavik, Dave"]
[Black "Langer, Mikhail"]
[Result "0-1"]
[WhiteElo "1669"]
[BlackElo "2245"]
[PlyCount "38"]
[EventDate "2016.07.27"]
[EventType "swiss"]
[EventRounds "9"]
[EventCountry "CAN"]
[SourceTitle "CBM 173 Extra"]
[Source "ChessBase"]
[SourceDate "2016.08.29"]
[SourceVersion "1"]
[SourceVersionDate "2016.08.29"]
[SourceQuality "1"]

1. d4 Nf6 2. c4 c5 3. d5 b5 4. cxb5 a6 5. b6 e6 6. Nc3 Nxd5 7. Nxd5 exd5 8. Qxd5 Nc6 9. Nf3 Rb8 10. Bd2 Be7 11. Bc3 0-0 12. a3 Qxb6 13. e3 Bb7 14. Bd3 g6 15. Bb1 Nd4 16. Qxd7 Nxf3+ 17. gxf3 Bxf3 18. Rg1 Bf6 19. Bxf6 Qxf6 0-1

[Event "Lethbridge op"]
[Site "Lethbridge"]
[Date "2016.04.03"]
[Round "4"]
[White "Bhavik, Dave"]
[Black "Findlay, Ian T"]
[Result "0-1"]
[WhiteElo "1645"]
[BlackElo "2244"]
[PlyCount "130"]
[EventDate "2016.04.02"]
[EventType "swiss"]
[EventRounds "5"]
[EventCountry "CAN"]
[SourceTitle "EXT 2017"]
[Source "ChessBase"]
[SourceDate "2016.10.25"]
[SourceVersion "1"]
[SourceVersionDate "2016.10.25"]
[SourceQuality "1"]

1. d4 Nf6 2. c4 e6 3. Nc3 Bb4 4. Qc2 Nc6 5. Nf3 d6 6. Bg5 h6 7. Bxf6 Qxf6 8. e3 0-0 9. Bd3 e5 10. d5 Ne7 11. 0-0 Bxc3 12. Qxc3 c6 13. dxc6 bxc6 14. Nd2 Bf5 15. f4 Bxd3 16. Qxd3 exf4 17. b3 d5 18. cxd5 Nxd5 19. exf4 Nxf4 20. Qc4 Qd4+ 21. Qxd4 Ne2+ 22. Kf2 Nxd4 23. Nf3 Rfd8 24. Rfc1 Nxf3 25. Kxf3 Rd3+ 26. Ke2 Rd6 27. Rc3 Re8+ 28. Re3 Kf8 29. Rc1 Rg6 30. g3 Ree6 31. Rxe6 Rxe6+ 32. Kd3 Ke7 33. Rc4 Kd6 34. Rg4 g6 35. Ra4 Re7 36. Rh4 h5 37. Rd4+ Kc5 38. a3 a5 39. Rc4+ Kb5 40. Rf4 f5 41. h3 Re1 42. g4 hxg4 43. hxg4 Re5 44. gxf5 Rxf5 45. Rg4 g5 46. Kc3 Rd5 47. Kc2 Kb6 48. Kc3 Kc7 49. Kc4 Kd6 50. a4 Rf5 51. Rd4+ Rd5 52. Rg4 Rc5+ 53. Kd4 Rf5 54. Kc3 Ke6 55. b4 Rf3+ 56. Kc4 Kf5 57. Rd4 Ra3 58. Kc5 Rxa4 59. Kxc6 Rxb4 60. Rd5+ Kf4 61. Rxa5 g4 62. Kd5 g3 63. Ra8 g2 64. Rf8+ Kg3 65. Ke5 g1Q 0-1

[Event "Edmonton WBX tt"]
[Site "Edmonton"]
[Date "2015.12.13"]
[Round "5"]
[White "Bhavik, Dave"]
[Black "Koperski, Dustin"]
[Result "1/2-1/2"]
[WhiteElo "1533"]
[BlackElo "1660"]
[PlyCount "36"]
[EventDate "2015.12.12"]
[EventType "team-tourn"]
[EventRounds "5"]
[EventCountry "CAN"]
[SourceTitle "EXT 2017"]
[Source "ChessBase"]
[SourceDate "2016.10.25"]
[SourceVersion "1"]
[SourceVersionDate "2016.10.25"]
[SourceQuality "1"]

1. d4 Nf6 2. c4 c5 3. d5 b5 4. cxb5 a6 5. b6 g6 6. Nc3 Qxb6 7. e4 d6 8. a4 Bg7 9. a5 Qb7 10. Bc4 Bd7 11. f4 Bb5 12. Qb3 Nbd7 13. Bxb5 axb5 14. Qxb5 Qxb5 15. Nxb5 0-0 16. a6 Rfb8 17. Ra5 Nxe4 18. Nc7 Ra7 1/2-1/2